Normal view MARC view
  • S.W.Hawking &G.F.R.Ellis

Entry Personal Name

Number of records used in: 1

001 - CONTROL NUMBER

  • control field: 20271

003 - CONTROL NUMBER IDENTIFIER

  • control field: NUST

005 - DATE AND TIME OF LATEST TRANSACTION

  • control field: 20190913055038.0

008 - FIXED-LENGTH DATA ELEMENTS

  • fixed length control field: 190913|| aca||aabn | a|a d

040 ## - CATALOGING SOURCE

  • Original cataloging agency: NUST
  • Transcribing agency: NUST

100 ## - HEADING--PERSONAL NAME

  • Personal name: S.W.Hawking &G.F.R.Ellis

670 ## - SOURCE DATA FOUND

  • Source citation: Work cat.: (NUST): S.W.Hawking &G.F.R.Ellis, The Large Scale Structure of Space-Time, 1976
© 2023 Central Library, National University of Sciences and Technology. All Rights Reserved.